| 000 | 00892cam a22002651 4500 | ||
|---|---|---|---|
| 001 | sa 66006496 | ||
| 003 | DLC | ||
| 005 | 20260227112256.0 | ||
| 008 | 740221s1955 io c 000 0 eng | ||
| 010 | _asa 66006496 | ||
| 035 | _a(OCoLC)809800 | ||
| 040 |
_aDLC _cNhD _dOCoLC _dDLC |
||
| 041 | 1 | _aengund | |
| 042 | _apremarc | ||
| 050 | 0 | 0 | _aLAW <Indonesia> |
| 100 | 1 |
_aAidit, D. N., _d1923-1965, _edefendant. |
|
| 245 | 1 | 0 |
_aAidit accuses Madiun affair; _bD.N. Aidit's defence plea at the trial in the Jakarta State Court on February 24, 1955. |
| 260 |
_aDjakarta, _bJajasan Pembaruan _c[introd. 1955] |
||
| 300 |
_a43 p. _bport. _c18 cm. |
||
| 500 | _aAbridged translation. | ||
| 651 | 0 |
_aIndonesia _xPolitics and government _y1942-1949. |
|
| 651 | 0 |
_aIndonesia _xPolitics and government _y1950-1966. |
|
| 610 | 2 | 0 | _aPartai Komunis Indonesia. |
| 710 | 1 |
_aIndonesia. _bPengadilan Negeri. |
|
| 999 |
_c70547 _d70547 |
||